| 000 | 00486nam a2200097Ia 4500 | ||
|---|---|---|---|
| 008 | 180130s9999 xx 000 0 und d | ||
| 245 |
_cTesta, Francesco; Iraldo, Fabio; Frey, Marco; O'Connor, Ryan _aLife cycle costing, a view of potential applications: from cost management tool to eco-efficiency measurement |
||
| 260 | _c2014 | ||
| 300 | _aBook title: Effective implementation in total quality for project management--Acession number C20534; pages 225-260 | ||
| 650 | _aPROJECT MANAGEMENT | ||
| 999 |
_c354490 _d354490 |
||